| 000 -LEADER |
| fixed length control field |
00477nam a2200145 4500 |
| 008 - FIXED-LENGTH DATA ELEMENTS--GENERAL INFORMATION |
| fixed length control field |
191030b ||||| |||| 00| 0 eng d |
| 100 ## - MAIN ENTRY--PERSONAL NAME |
| Personal name |
Sidhu, Paru Bai |
| 245 ## - TITLE STATEMENT |
| Title |
The spatial patterning of the Harappan sites in the Sutlej Yamuna divide |
| 260 ## - PUBLICATION, DISTRIBUTION, ETC. (IMPRINT) |
| Name of publisher, distributor, etc |
Research Journal Social Sciences |
| 300 ## - PHYSICAL DESCRIPTION |
| Extent |
26(1&2), 2018: p.204-217. |
| 650 ## - SUBJECT ADDED ENTRY--TOPICAL TERM |
| Topical term or geographic name as entry element |
Harappan Civilization |
| 9 (RLIN) |
12880 |
| 773 ## - HOST ITEM ENTRY |
| Main entry heading |
Research Journal Social Sciences |
| 906 ## - LOCAL DATA ELEMENT F, LDF (RLIN) |
| Subject DIP |
Civilisation |
| 942 ## - ADDED ENTRY ELEMENTS (KOHA) |
| Source of classification or shelving scheme |
|
| Item type |
Articles |